Plant biotechnology A laboratory manual

Sparad:
Bibliografiska uppgifter
Huvudupphovsman: ROBERT J LEBOWITZ
Materialtyp: Bok
Språk:Undetermined
Publicerad: Dubuque, Iowa WCB 1993
Ämnen:
Taggar: Lägg till en tagg
Inga taggar, Lägg till första taggen!
Thư viện lưu trữ: Trung tâm Học liệu Trường Đại học Cần Thơ
LEADER 00493nam a2200181Ia 4500
001 CTU_48948
008 210402s9999 xx 000 0 und d
082 |a 630 
082 |b L449 
100 |a ROBERT J LEBOWITZ 
245 0 |a Plant biotechnology 
245 2 |b A laboratory manual 
245 0 |c ROBERT J LEBOWITZ 
260 |a Dubuque, Iowa 
260 |b WCB 
260 |c 1993 
650 |a plant biotechnology - laboratory manuals 
980 |a Trung tâm Học liệu Trường Đại học Cần Thơ